| 000 | 00451nam a2200169Ia 4500 | ||
|---|---|---|---|
| 008 | 230524s9999 xx 000 0 und d | ||
| 020 | _a9788184304954 | ||
| 082 |
_a954.05092 _bGAN |
||
| 100 |
_aA.K. Gandhi _945118 |
||
| 245 | 0 | _aDr. A.P.J. Abdul Kalam Biography of A Saintly Scientist | |
| 250 | _a1 | ||
| 260 |
_aNew Delhi _bOcean Book _c2021 |
||
| 300 | _a198p; | ||
| 500 | _aQuantity Number: 1 | ||
| 650 |
_aMiscellaneous _91877 |
||
| 942 | _cBK | ||
| 999 |
_c60740 _d60740 |
||